Interakcie liečiv s DNA sledované biosenzormi
Enregistré dans:
| Auteur principal: | |
|---|---|
| Autres auteurs: | |
| Format: | Manuscrit Livre |
| Langue: | slovaque |
| Publié: |
2016
|
| Sujets: | |
| Accès en ligne: | http://is.stuba.sk/zp/portal_zp.pl?podrobnosti=92528 |
| Tags: |
Pas de tags, Soyez le premier à ajouter un tag!
|
MARC
| LEADER | 00000ntm a22000003a 4500 | ||
|---|---|---|---|
| 001 | stuzp52710 | ||
| 003 | SK-STU | ||
| 005 | 20160719154245.5 | ||
| 007 | ta | ||
| 008 | 150427s2015----xo-----f-mn---000-0-slo-d | ||
| 040 | |a STU |b slo | ||
| 041 | 0 | |a slo | |
| 100 | 1 | |a Bartolenová, Dominika |u 041180 |4 aut |U FCHPT Ústav analytickej chémie |T FCHPT Oddelenie analytickej chémie |X 42437 |U C1180 |Y 108 |7 42437 | |
| 242 | 0 | 1 | |a Interactions of Drugs with DNA Researched by Biosensors |y eng |
| 245 | 1 | 0 | |a Interakcie liečiv s DNA sledované biosenzormi |
| 260 | |c 2016 | ||
| 650 | 4 | |a DNA |2 slo | |
| 650 | 4 | |a interakcie liečiv |2 slo | |
| 650 | 4 | |a biosenzory |2 slo | |
| 650 | 4 | |a miesta interakcie |2 slo | |
| 650 | 4 | |a DNA |2 eng | |
| 650 | 4 | |a biosensors |2 eng | |
| 650 | 4 | |a interaction of drugs |2 eng | |
| 650 | 4 | |a place of interaction |2 eng | |
| 700 | 1 | |a Labuda, Ján |u 041000 |k Z1 |4 ths |U FCHPT Fakulta chemickej a potravinárskej technológie |T FCHPT Ústav analytickej chémie |X 3297 |U C1000 |Y 99 |7 A000003297 | |
| 856 | 4 | |u http://is.stuba.sk/zp/portal_zp.pl?podrobnosti=92528 | |
| SQL | |a stuzp52710 |b DBP |c SLO |d Interakcie liečiv s DNA sledované biosenzormi |e 42437 |f Bartolenová, Dominika |g 041180 |h 3297 |i Labuda, Ján |j 20160711 |k 753 |l 04 |m http://is.stuba.sk/zp/portal_zp.pl?podrobnosti=92528 |n B-CHEMAT |o 4.1.14. chémia, 5.2.18. chemické technológie | ||